[Event "DVM U20w 2020"]
[Site "Willingen GER"]
[Date "2021.06.24"]
[Round "1"]
[White "Stowicek, Yara Mathilda"]
[Black "Hartmann, Maria"]
[Result "1-0"]
[Termination "normal"]
[Board "3.4"]
[WhiteElo "1736"]
[BlackElo "733"]
[WhiteClock "01:27:16"]
[BlackClock "01:09:37"]
[WhiteTeam "USV Halle"]
[BlackTeam "SC Landskrone"]
[PlyCount "101"]
[WhiteFideId "16203569"]
[BlackFideId "34606084"]
[EventCountry "GER"]
[EventRounds "7"]
[EventType "team-swiss"]
[EventDate "2021.06.23"]

1. e4 {[%clk 01:30:57]} {[%emt 00:03:15]} e5 {[%clk 01:30:54]} 2. Nf3 {[%clk
01:31:10]} Nc6 {[%clk 01:31:03]} 3. Bc4 {[%clk 01:31:33]} Bc5 {[%clk 01:31:15]}
4. c3 {[%clk 01:31:48]} d6 {[%clk 01:31:11]} 5. d3 {[%clk 01:32:03]} Bg4 {[%clk
01:31:12]} 6. Nbd2 {[%clk 01:32:21]} Nf6 {[%clk 01:31:07]} 7. a4 {[%clk
01:32:17]} O-O {[%clk 01:30:48]} 8. b4 {[%clk 01:32:33]} Bxb4 {[%clk 01:29:15]}
9. cxb4 {[%clk 01:32:44]} Nxb4 10. Qb3 {[%clk 01:30:00]} {[%emt 00:17:59]} Nc6
{[%clk 01:27:50]} 11. Qxb7 {[%clk 01:27:14]} Nd4 12. Nxd4 exd4 {[%clk
01:27:23]} 13. Qb2 {[%clk 01:24:37]} Rb8 {[%clk 01:24:27]} 14. Qxd4 {[%clk
01:24:51]} Nh5 {[%clk 01:23:47]} 15. h3 Bd7 {[%clk 01:21:15]} {[%emt 00:01:46]}
16. Nf3 {[%clk 01:24:10]} {[%emt 00:00:26]} Qe8 {[%clk 01:19:34]} {[%emt
00:02:10]} 17. O-O {[%clk 01:20:15]} {[%emt 00:04:25]} Be6 {[%clk 01:19:02]}
{[%emt 00:01:02]} 18. Be3 {[%clk 01:19:30]} {[%emt 00:01:14]} Bxc4 {[%clk
01:18:20]} {[%emt 00:01:13]} 19. Qxc4 {[%clk 01:19:43]} {[%emt 00:00:18]} h6
{[%clk 01:17:04]} {[%emt 00:01:46]} 20. Qxc7 {[%clk 01:19:14]} {[%emt
00:00:59]} Rd8 {[%clk 01:15:24]} {[%emt 00:02:09]} 21. Qxa7 {[%clk 01:19:30]}
{[%emt 00:00:15]} Qc6 {[%clk 01:11:57]} {[%emt 00:03:53]} 22. Rfc1 {[%clk
01:19:00]} {[%emt 00:01:03]} Qa8 {[%clk 01:08:51]} {[%emt 00:03:36]} 23. Qxa8
{[%clk 01:19:00]} {[%emt 00:00:30]} Rxa8 {[%clk 01:09:12]} {[%emt 00:00:09]}
24. Rc6 {[%clk 01:19:22]} {[%emt 00:00:08]} Rfd8 {[%clk 01:09:07]} {[%emt
00:00:35]} 25. a5 {[%clk 01:19:40]} {[%emt 00:00:14]} Nf6 {[%clk 01:08:32]}
{[%emt 00:01:03]} 26. a6 {[%clk 01:19:36]} {[%emt 00:00:35]} Ne8 {[%clk
01:08:13]} {[%emt 00:00:48]} 27. a7 {[%clk 01:19:41]} {[%emt 00:00:26]} Rd7
{[%clk 01:08:09]} {[%emt 00:00:33]} 28. Rac1 {[%clk 01:19:53]} {[%emt
00:00:18]} Raxa7 {[%clk 01:07:45]} {[%emt 00:00:54]} 29. Bxa7 {[%clk 01:20:17]}
{[%emt 00:00:07]} Rxa7 {[%clk 01:08:01]} {[%emt 00:00:14]} 30. Rc8 {[%clk
01:20:33]} {[%emt 00:00:13]} Kf8 {[%clk 01:07:46]} {[%emt 00:00:45]} 31. Nd4
{[%clk 01:20:49]} {[%emt 00:00:15]} Re7 {[%clk 01:07:14]} {[%emt 00:01:00]} 32.
Nb5 {[%clk 01:20:42]} {[%emt 00:00:39]} Kg8 {[%clk 01:06:44]} {[%emt 00:01:00]}
33. Nxd6 {[%clk 01:20:57]} {[%emt 00:00:15]} Kf8 {[%clk 01:06:26]} {[%emt
00:00:48]} 34. Nxe8 {[%clk 01:21:06]} {[%emt 00:00:20]} Rxe8 {[%clk 01:06:44]}
{[%emt 00:00:12]} 35. Rxe8+ {[%clk 01:21:33]} {[%emt 00:00:04]} Kxe8 {[%clk
01:07:01]} {[%emt 00:00:12]} 36. Rc7 {[%clk 01:22:02]} {[%emt 00:00:02]} Kd8
{[%clk 01:07:02]} {[%emt 00:00:29]} 37. Rxf7 {[%clk 01:22:27]} {[%emt
00:00:04]} Ke8 {[%clk 01:07:17]} {[%emt 00:00:16]} 38. Rxg7 {[%clk 01:22:52]}
{[%emt 00:00:04]} Kf8 {[%clk 01:07:27]} {[%emt 00:00:21]} 39. Ra7 {[%clk
01:23:18]} {[%emt 00:00:05]} h5 {[%clk 01:07:47]} {[%emt 00:00:09]} 40. e5
{[%clk 01:23:42]} {[%emt 00:00:06]} h4 {[%clk 01:08:11]} {[%emt 00:00:06]} 41.
e6 {[%clk 01:24:06]} {[%emt 00:00:06]} Ke8 {[%clk 01:08:27]} {[%emt 00:00:15]}
42. d4 {[%clk 01:24:30]} {[%emt 00:00:05]} Kd8 {[%clk 01:08:30]} {[%emt
00:00:28]} 43. d5 {[%clk 01:24:50]} {[%emt 00:00:09]} Ke8 {[%clk 01:08:47]}
{[%emt 00:00:14]} 44. d6 {[%clk 01:25:14]} {[%emt 00:00:06]} Kf8 {[%clk
01:08:44]} {[%emt 00:00:32]} 45. Ra8+ {[%clk 01:25:38]} {[%emt 00:00:06]} Kg7
{[%clk 01:09:03]} {[%emt 00:00:11]} 46. d7 {[%clk 01:26:03]} {[%emt 00:00:05]}
Kf6 {[%clk 01:09:25]} {[%emt 00:00:08]} 47. d8=Q+ {[%clk 01:26:25]} {[%emt
00:00:09]} Kxe6 {[%clk 01:09:34]} {[%emt 00:00:21]} 48. Qa5 {[%clk 01:26:45]}
{[%emt 00:00:09]} Kd7 {[%clk 01:09:31]} {[%emt 00:00:32]} 49. Ra6 {[%clk
01:26:49]} {[%emt 00:00:28]} Kc8 {[%clk 01:09:31]} {[%emt 00:00:29]} 50. Ra7
{[%clk 01:26:54]} {[%emt 00:00:26]} Kb8 {[%clk 01:09:37]} {[%emt 00:00:23]} 51.
Qc7# {[%clk 01:27:16]} {[%emt 00:00:07]} 1-0

[Event "DVM U20w 2020"]
[Site "Willingen GER"]
[Date "2021.06.24"]
[Round "1"]
[White "Peglau, Mirjam"]
[Black "Bräutigam, Katerina"]
[Result "1-0"]
[Termination "normal"]
[Board "4.1"]
[WhiteElo "1923"]
[BlackElo "1718"]
[WhiteClock "00:22:03"]
[BlackClock "00:09:25"]
[WhiteTeam "Schachzentrum Seeblick e. V."]
[BlackTeam "Elmshorner SC von 1896"]
[PlyCount "85"]
[WhiteFideId "16211138"]
[BlackFideId "16242980"]
[EventCountry "GER"]
[EventRounds "7"]
[EventType "team-swiss"]
[EventDate "2021.06.23"]

1. d4 {[%clk 01:30:57]} {[%emt 00:04:01]} Nf6 {[%clk 01:30:57]} 2. c4 {[%clk
01:31:17]} g6 {[%clk 01:31:23]} 3. Nc3 {[%clk 01:31:32]} Bg7 {[%clk 01:31:45]}
4. e4 {[%clk 01:31:47]} d6 {[%clk 01:32:07]} 5. Be3 {[%clk 01:30:43]} O-O
{[%clk 01:32:24]} 6. f3 {[%clk 01:30:52]} a6 {[%clk 01:32:42]} 7. Bd3 {[%clk
01:30:34]} Nbd7 {[%clk 01:32:53]} 8. Nge2 {[%clk 01:30:51]} c5 {[%clk
01:32:58]} 9. O-O {[%clk 01:30:22]} cxd4 {[%clk 01:32:55]} 10. Nxd4 {[%clk
01:29:50]} e6 11. Rc1 {[%emt 00:18:13]} d5 12. cxd5 {[%clk 01:09:39]} {[%emt
00:03:54]} exd5 {[%clk 01:30:15]} {[%emt 00:00:15]} 13. Nb3 {[%clk 01:03:44]}
{[%emt 00:06:25]} dxe4 {[%clk 01:27:13]} {[%emt 00:03:31]} 14. Nxe4 {[%clk
00:58:01]} {[%emt 00:06:13]} Nd5 {[%clk 01:13:24]} {[%emt 00:14:19]} 15. Bf2
{[%clk 00:48:12]} {[%emt 00:10:19]} Ne5 {[%clk 01:08:00]} {[%emt 00:05:54]} 16.
Qd2 {[%clk 00:40:42]} {[%emt 00:08:01]} Nf4 {[%clk 01:04:58]} {[%emt 00:03:31]}
17. Bc4 {[%clk 00:37:50]} {[%emt 00:03:23]} Qxd2 {[%clk 01:03:27]} {[%emt
00:02:00]} 18. Nbxd2 {[%clk 00:38:18]} {[%emt 00:00:02]} b5 {[%clk 01:02:06]}
{[%emt 00:01:51]} 19. Bg3 {[%clk 00:38:12]} {[%emt 00:00:35]} Nxc4 {[%clk
00:23:31]} {[%emt 00:39:06]} 20. Bxf4 {[%clk 00:38:21]} {[%emt 00:00:21]} Nxb2
{[%clk 00:22:14]} {[%emt 00:01:47]} 21. Rc7 {[%clk 00:32:28]} {[%emt 00:06:23]}
Bd4+ {[%clk 00:17:55]} {[%emt 00:04:49]} 22. Kh1 {[%clk 00:32:31]} {[%emt
00:00:28]} f5 {[%clk 00:16:59]} {[%emt 00:01:25]} 23. Bh6 {[%clk 00:26:14]}
{[%emt 00:06:47]} Rf7 {[%clk 00:13:41]} {[%emt 00:03:48]} 24. Rxf7 {[%clk
00:26:12]} {[%emt 00:00:33]} Kxf7 {[%clk 00:14:07]} {[%emt 00:00:04]} 25. Ng5+
{[%clk 00:24:45]} {[%emt 00:01:57]} Kg8 {[%clk 00:12:24]} {[%emt 00:02:13]} 26.
Re1 {[%clk 00:22:40]} {[%emt 00:02:35]} Bd7 {[%clk 00:12:26]} {[%emt 00:00:27]}
27. Nb3 {[%clk 00:22:03]} {[%emt 00:01:08]} Bc3 {[%clk 00:09:25]} {[%emt
00:03:30]} 28. Rc1 Re8 {[%clk 00:09:25]} 29. Nc5 Bc8 {[%clk 00:09:25]} 30. h3
Re1+ {[%clk 00:09:25]} 31. Rxe1 Bxe1 {[%clk 00:09:25]} 32. Nge6 Bxe6 {[%clk
00:09:25]} 33. Nxe6 a5 {[%clk 00:09:25]} 34. Kg1 Nc4 {[%clk 00:09:25]} 35. Kf1
Bc3 {[%clk 00:09:25]} 36. Ke2 Ne5 {[%clk 00:09:25]} 37. Nc7 b4 {[%clk
00:09:25]} 38. Nd5 Bb2 {[%clk 00:09:25]} 39. Kd2 Kf7 {[%clk 00:09:25]} 40. Kc2
Ke6 {[%clk 00:09:25]} 41. Nf4+ Kf6 {[%clk 00:09:25]} 42. Kxb2 a4 {[%clk
00:09:25]} 43. Nd5+ 1-0

[Event "DVM U20w 2020"]
[Site "Willingen GER"]
[Date "2021.06.24"]
[Round "1"]
[White "Falke, Ornella"]
[Black "Peglau, Dora"]
[Result "0-1"]
[Termination "normal"]
[Board "4.2"]
[WhiteElo "1566"]
[BlackElo "1673"]
[WhiteClock "00:34:19"]
[BlackClock "00:27:15"]
[WhiteTeam "Elmshorner SC von 1896"]
[BlackTeam "Schachzentrum Seeblick e. V."]
[PlyCount "72"]
[WhiteFideId "16207092"]
[BlackFideId "16220005"]
[EventCountry "GER"]
[EventRounds "7"]
[EventType "team-swiss"]
[EventDate "2021.06.23"]

1. d4 {[%clk 01:30:56]} {[%emt 00:00:04]} Nf6 {[%clk 01:30:53]} {[%emt
00:00:07]} 2. c4 {[%clk 01:31:19]} {[%emt 00:00:08]} e6 {[%clk 01:31:12]}
{[%emt 00:00:10]} 3. Nc3 {[%clk 01:31:36]} {[%emt 00:00:12]} Bb4 {[%clk
01:31:35]} {[%emt 00:00:07]} 4. f3 {[%clk 01:31:51]} {[%emt 00:00:16]} c5
{[%clk 01:30:51]} {[%emt 00:01:15]} 5. a3 {[%clk 01:30:11]} {[%emt 00:02:10]}
Bxc3+ {[%clk 01:30:32]} {[%emt 00:00:49]} 6. bxc3 {[%clk 01:30:33]} {[%emt
00:00:06]} O-O {[%emt 00:23:30]} 7. e3 {[%clk 01:29:09]} Qc7 8. Bd3 {[%clk
01:24:37]} d5 9. Qc2 {[%clk 01:21:34]} {[%emt 00:00:45]} dxc4 {[%clk 01:10:07]}
{[%emt 00:08:40]} 10. Bxc4 {[%clk 01:21:21]} {[%emt 00:00:43]} Bd7 {[%clk
00:59:11]} {[%emt 00:11:27]} 11. a4 {[%clk 01:13:38]} {[%emt 00:08:13]} cxd4
{[%clk 00:56:50]} {[%emt 00:02:50]} 12. cxd4 {[%clk 01:13:40]} {[%emt
00:00:28]} Rc8 {[%clk 00:56:45]} {[%emt 00:00:35]} 13. Bb2 {[%clk 01:03:35]}
{[%emt 00:10:35]} Qxc4 {[%clk 00:56:39]} {[%emt 00:00:36]} 14. Qd2 {[%clk
01:03:52]} {[%emt 00:00:13]} Qc2 {[%clk 00:55:40]} {[%emt 00:01:29]} 15. Ne2
{[%clk 01:03:44]} {[%emt 00:00:37]} Bxa4 {[%clk 00:53:03]} {[%emt 00:03:08]}
16. Qb4 {[%clk 00:59:11]} {[%emt 00:05:04]} Nc6 {[%clk 00:44:31]} {[%emt
00:09:02]} 17. Qa3 {[%clk 00:57:06]} {[%emt 00:02:34]} Qb3 {[%clk 00:43:24]}
{[%emt 00:01:36]} 18. Nc3 {[%clk 00:50:27]} {[%emt 00:07:10]} Nb4 {[%clk
00:34:28]} {[%emt 00:09:26]} 19. O-O {[%clk 00:41:23]} {[%emt 00:09:34]} Qxa3
{[%clk 00:32:30]} {[%emt 00:02:28]} 20. Bxa3 {[%clk 00:40:38]} {[%emt
00:01:14]} Rxc3 {[%clk 00:29:02]} {[%emt 00:03:59]} 21. Bxb4 {[%clk 00:37:40]}
{[%emt 00:03:28]} Rc4 {[%clk 00:28:55]} {[%emt 00:00:35]} 22. Rfb1 {[%clk
00:36:45]} {[%emt 00:01:27]} b5 {[%clk 00:26:34]} {[%emt 00:02:51]} 23. Rb2
{[%clk 00:34:09]} {[%emt 00:03:06]} Rac8 {[%clk 00:26:04]} {[%emt 00:01:00]}
24. Bc5 {[%clk 00:33:50]} {[%emt 00:00:49]} Nd7 {[%clk 00:25:34]} {[%emt
00:01:01]} 25. Bxa7 {[%clk 00:33:14]} {[%emt 00:01:05]} Rc1+ {[%clk 00:25:39]}
{[%emt 00:00:24]} 26. Rxc1 {[%clk 00:33:35]} Rxc1+ {[%clk 00:25:39]} 27. Kf2
{[%clk 00:33:59]} {[%emt 00:00:19]} Rc2+ {[%clk 00:26:27]} {[%emt 00:00:09]}
28. Rxc2 {[%clk 00:34:24]} {[%emt 00:00:06]} Bxc2 {[%clk 00:26:53]} {[%emt
00:00:05]} 29. Ke2 {[%clk 00:34:24]} {[%emt 00:00:29]} b4 {[%clk 00:26:50]}
{[%emt 00:00:34]} 30. Kd2 {[%clk 00:34:39]} {[%emt 00:00:15]} b3 {[%clk
00:27:09]} {[%emt 00:00:12]} 31. e4 {[%clk 00:34:44]} {[%emt 00:00:25]} Kf8
{[%clk 00:27:24]} {[%emt 00:00:15]} 32. Kc3 {[%clk 00:34:07]} {[%emt 00:01:07]}
Ke7 {[%clk 00:27:40]} {[%emt 00:00:12]} 33. d5 {[%clk 00:34:12]} {[%emt
00:00:27]} exd5 {[%clk 00:27:49]} {[%emt 00:00:21]} 34. exd5 {[%clk 00:34:33]}
{[%emt 00:00:09]} Kd6 {[%clk 00:28:04]} {[%emt 00:00:14]} 35. Bd4 {[%clk
00:34:57]} {[%emt 00:00:07]} f6 {[%clk 00:26:57]} {[%emt 00:01:38]} 36. f4
{[%clk 00:34:19]} {[%emt 00:01:07]} Kxd5 {[%clk 00:27:15]} {[%emt 00:00:13]}
0-1

[Event "DVM U20w 2020"]
[Site "Willingen GER"]
[Date "2021.06.24"]
[Round "1"]
[White "Neitzel, Emma"]
[Black "Peglau, Charis"]
[Result "0-1"]
[Termination "normal"]
[Board "4.4"]
[WhiteElo "1029"]
[BlackElo "1726"]
[WhiteClock "00:50:43"]
[BlackClock "00:33:51"]
[WhiteTeam "Elmshorner SC von 1896"]
[BlackTeam "Schachzentrum Seeblick e. V."]
[PlyCount "122"]
[WhiteFideId "16298373"]
[BlackFideId "16219996"]
[EventCountry "GER"]
[EventRounds "7"]
[EventType "team-swiss"]
[EventDate "2021.06.23"]

1. d4 {[%clk 01:30:58]} {[%emt 00:00:02]} Nf6 {[%clk 01:30:48]} {[%emt
00:00:13]} 2. c4 {[%clk 01:31:17]} {[%emt 00:00:10]} e6 {[%clk 01:31:10]}
{[%emt 00:00:09]} 3. Nc3 {[%clk 01:31:05]} {[%emt 00:00:42]} Bb4 {[%clk
01:31:31]} {[%emt 00:00:09]} 4. Bd2 {[%clk 01:30:23]} {[%emt 00:01:12]} O-O
{[%clk 01:30:07]} {[%emt 00:01:55]} 5. g3 {[%emt 00:24:27]} d5 {[%clk
01:28:15]} 6. c5 {[%clk 01:25:28]} b6 {[%clk 01:24:57]} 7. cxb6 {[%clk
01:21:45]} axb6 {[%clk 01:23:40]} 8. Nf3 {[%clk 01:20:53]} c5 9. a3 {[%clk
01:16:31]} {[%emt 00:01:29]} Bxc3 {[%clk 01:21:59]} {[%emt 00:01:03]} 10. Bxc3
{[%clk 01:16:26]} {[%emt 00:00:35]} Bd7 {[%clk 01:18:15]} {[%emt 00:04:14]} 11.
Bg2 {[%clk 01:14:33]} {[%emt 00:02:22]} Ne4 {[%clk 01:17:18]} {[%emt 00:01:28]}
12. O-O {[%clk 01:13:32]} {[%emt 00:01:31]} Ba4 {[%clk 01:16:39]} {[%emt
00:01:09]} 13. Qc1 {[%clk 01:11:11]} {[%emt 00:02:49]} Nd7 {[%clk 01:12:21]}
{[%emt 00:04:50]} 14. Ne5 {[%clk 01:07:23]} {[%emt 00:04:18]} Nxc3 {[%clk
01:11:39]} {[%emt 00:01:13]} 15. Qxc3 {[%clk 01:06:45]} {[%emt 00:01:07]} Nxe5
{[%clk 01:10:57]} {[%emt 00:01:12]} 16. dxe5 {[%clk 01:07:01]} {[%emt
00:00:14]} Bc6 {[%clk 01:09:35]} {[%emt 00:01:52]} 17. b4 {[%clk 01:05:07]}
{[%emt 00:02:24]} d4 {[%clk 01:08:05]} {[%emt 00:02:00]} 18. Qc4 {[%clk
01:03:59]} {[%emt 00:01:38]} Bd5 {[%clk 01:07:33]} {[%emt 00:01:03]} 19. Bxd5
{[%clk 01:03:44]} {[%emt 00:00:44]} exd5 {[%clk 01:07:45]} {[%emt 00:00:18]}
20. Qb5 {[%clk 01:03:44]} {[%emt 00:00:31]} Qc7 {[%clk 01:06:22]} {[%emt
00:01:53]} 21. Rfe1 {[%clk 01:03:22]} {[%emt 00:00:51]} Rfb8 {[%clk 00:58:58]}
{[%emt 00:07:54]} 22. Rab1 {[%clk 00:56:46]} {[%emt 00:07:06]} Qxe5 {[%clk
00:52:34]} {[%emt 00:06:54]} 23. bxc5 {[%clk 00:56:02]} {[%emt 00:01:13]} Ra5
{[%clk 00:51:32]} {[%emt 00:01:33]} 24. Qd7 {[%clk 00:53:50]} {[%emt 00:02:42]}
bxc5 {[%clk 00:49:05]} {[%emt 00:02:57]} 25. Rxb8+ {[%clk 00:53:27]} {[%emt
00:00:53]} Qxb8 {[%clk 00:49:28]} {[%emt 00:00:08]} 26. Qxd5 {[%clk 00:53:15]}
{[%emt 00:00:40]} Qa8 {[%clk 00:45:53]} {[%emt 00:04:05]} 27. Qxa8+ {[%clk
00:50:51]} {[%emt 00:02:55]} Rxa8 {[%clk 00:45:41]} {[%emt 00:00:42]} 28. Rb1
{[%clk 00:50:51]} {[%emt 00:00:30]} Kf8 {[%clk 00:45:22]} {[%emt 00:00:49]} 29.
Rc1 {[%clk 00:51:10]} {[%emt 00:00:11]} Ra5 {[%clk 00:44:44]} {[%emt 00:01:08]}
30. Kg2 {[%clk 00:51:24]} {[%emt 00:00:16]} Ke7 {[%clk 00:44:48]} {[%emt
00:00:26]} 31. e3 {[%clk 00:51:27]} {[%emt 00:00:26]} dxe3 {[%clk 00:40:39]}
{[%emt 00:04:40]} 32. fxe3 {[%clk 00:50:53]} {[%emt 00:01:04]} Kd6 {[%clk
00:39:40]} {[%emt 00:01:29]} 33. Rd1+ {[%clk 00:50:10]} {[%emt 00:01:13]} Kc6
{[%clk 00:39:57]} {[%emt 00:00:14]} 34. Rd3 {[%clk 00:50:23]} {[%emt 00:00:16]}
c4 {[%clk 00:39:42]} {[%emt 00:00:45]} 35. Rc3 {[%clk 00:50:25]} {[%emt
00:00:28]} Kc5 {[%clk 00:39:30]} {[%emt 00:00:42]} 36. Kf3 {[%clk 00:49:07]}
{[%emt 00:01:46]} Rb5 {[%clk 00:33:22]} {[%emt 00:06:39]} 37. a4 {[%clk
00:48:18]} {[%emt 00:01:19]} Ra5 {[%clk 00:29:33]} {[%emt 00:04:20]} 38. Ke2
{[%clk 00:47:37]} {[%emt 00:01:09]} Rxa4 {[%clk 00:29:50]} {[%emt 00:00:16]}
39. Kd2 {[%clk 00:47:54]} {[%emt 00:00:11]} Ra2+ {[%clk 00:29:39]} {[%emt
00:00:42]} 40. Rc2 {[%clk 00:48:08]} {[%emt 00:00:16]} Rxc2+ {[%clk 00:29:16]}
{[%emt 00:00:53]} 41. Kxc2 {[%clk 00:48:30]} {[%emt 00:00:09]} Kd5 {[%clk
00:29:40]} {[%emt 00:00:05]} 42. Kd2 {[%clk 00:48:43]} {[%emt 00:00:17]} Ke4
{[%clk 00:30:02]} {[%emt 00:00:09]} 43. Kc3 {[%clk 00:48:46]} {[%emt 00:00:26]}
Kxe3 {[%clk 00:30:17]} {[%emt 00:00:15]} 44. Kxc4 {[%clk 00:49:09]} {[%emt
00:00:07]} Kf3 {[%clk 00:29:37]} {[%emt 00:01:10]} 45. Kd5 {[%clk 00:49:30]}
{[%emt 00:00:08]} Kg2 {[%clk 00:29:53]} {[%emt 00:00:15]} 46. Kd6 {[%clk
00:49:48]} {[%emt 00:00:11]} Kxh2 {[%emt 00:00:07]} 47. Ke7 {[%clk 00:50:12]}
{[%emt 00:00:05]} Kxg3 {[%clk 00:30:39]} {[%emt 00:00:09]} 48. Kxf7 {[%emt
00:00:10]} h5 {[%emt 00:00:27]} 49. Kxg7 {[%clk 00:49:44]} {[%emt 00:00:20]} h4
{[%clk 00:31:05]} {[%emt 00:00:04]} 50. Kf6 {[%clk 00:49:52]} {[%emt 00:00:23]}
h3 {[%clk 00:31:30]} {[%emt 00:00:05]} 51. Kf5 {[%clk 00:50:17]} {[%emt
00:00:05]} h2 {[%clk 00:31:55]} {[%emt 00:00:05]} 52. Ke4 {[%clk 00:50:35]}
{[%emt 00:00:12]} h1=Q+ {[%clk 00:32:18]} {[%emt 00:00:07]} 53. Ke3 {[%clk
00:50:55]} {[%emt 00:00:11]} Qe1+ {[%clk 00:32:38]} {[%emt 00:00:09]} 54. Kd4
{[%clk 00:51:11]} {[%emt 00:00:15]} Kf4 {[%clk 00:32:59]} {[%emt 00:00:09]} 55.
Kc4 {[%emt 00:00:11]} Qd2 {[%emt 00:00:11]} 56. Kb3 {[%emt 00:00:11]} Ke4
{[%emt 00:00:14]} 57. Kc4 {[%clk 00:50:38]} {[%emt 00:00:16]} Qc2+ {[%clk
00:33:18]} {[%emt 00:00:11]} 58. Kb4 {[%clk 00:51:03]} {[%emt 00:00:05]} Kd4
{[%clk 00:33:41]} {[%emt 00:00:07]} 59. Ka5 {[%emt 00:00:12]} Qb3 {[%emt
00:00:50]} 60. Ka6 {[%clk 00:50:19]} {[%emt 00:00:12]} Kc5 {[%clk 00:34:03]}
{[%emt 00:00:08]} 61. Ka5 {[%clk 00:50:43]} {[%emt 00:00:06]} Qb5# {[%clk
00:33:51]} {[%emt 00:00:11]} 0-1

[Event "DVM U20w 2020"]
[Site "Willingen GER"]
[Date "2021.06.24"]
[Round "1"]
[White "Sickmann, Lisa"]
[Black "Wagner, Margarethe"]
[Result "0-1"]
[Termination "normal"]
[Board "5.1"]
[WhiteElo "1510"]
[BlackElo "1841"]
[WhiteClock "00:42:26"]
[BlackClock "00:08:37"]
[WhiteTeam "Lübecker SV von 1873"]
[BlackTeam "Erfurter Schachklub"]
[PlyCount "58"]
[WhiteFideId "16267818"]
[BlackFideId "16236947"]
[EventCountry "GER"]
[EventRounds "7"]
[EventType "team-swiss"]
[EventDate "2021.06.23"]

1. e4 {[%clk 01:30:56]} c5 {[%clk 01:30:55]} 2. Nf3 {[%clk 01:31:16]} d6 {[%clk
01:31:18]} 3. d4 {[%clk 01:31:40]} cxd4 {[%clk 01:31:42]} 4. Nxd4 {[%clk
01:32:03]} Nf6 {[%clk 01:32:06]} 5. Nc3 {[%clk 01:32:26]} a6 {[%clk 01:32:29]}
6. f3 {[%clk 01:32:51]} e5 {[%clk 01:32:38]} 7. Nb3 {[%clk 01:33:08]} Be6
{[%clk 01:32:53]} 8. Be3 {[%clk 01:33:28]} Be7 {[%clk 01:33:08]} 9. Qd2 {[%clk
01:33:43]} O-O {[%clk 01:32:09]} 10. O-O-O {[%clk 01:33:55]} Nbd7 {[%clk
01:31:39]} 11. g4 {[%clk 01:32:42]} b5 12. h4 {[%clk 01:28:07]} b4 {[%clk
01:29:38]} 13. Nd5 {[%clk 01:23:50]} Bxd5 14. exd5 a5 {[%clk 01:19:26]} {[%emt
00:02:31]} 15. Kb1 {[%clk 01:24:14]} {[%emt 00:00:21]} Nb6 {[%clk 01:06:42]}
{[%emt 00:13:15]} 16. Bxb6 {[%clk 01:19:53]} {[%emt 00:04:51]} Qxb6 {[%clk
01:06:56]} {[%emt 00:00:18]} 17. Nc1 {[%clk 01:20:06]} {[%emt 00:00:15]} Rfc8
{[%clk 00:57:10]} {[%emt 00:10:16]} 18. h5 {[%clk 01:09:08]} {[%emt 00:11:27]}
Rc5 {[%clk 00:44:13]} {[%emt 00:13:28]} 19. Qf2 {[%clk 00:59:39]} {[%emt
00:09:59]} Qb7 {[%clk 00:38:36]} {[%emt 00:06:07]} 20. Bd3 {[%clk 00:58:52]}
{[%emt 00:01:17]} a4 {[%clk 00:29:52]} {[%emt 00:09:15]} 21. Be4 {[%clk
00:58:18]} {[%emt 00:01:04]} b3 {[%clk 00:21:16]} {[%emt 00:09:06]} 22. cxb3
{[%clk 00:51:48]} {[%emt 00:07:00]} axb3 {[%clk 00:19:21]} {[%emt 00:02:25]}
23. Nxb3 {[%clk 00:51:55]} {[%emt 00:00:23]} Rb5 {[%clk 00:15:59]} {[%emt
00:03:52]} 24. Qc2 {[%clk 00:46:47]} {[%emt 00:05:38]} Qa7 {[%clk 00:13:35]}
{[%emt 00:02:54]} 25. Nc1 {[%clk 00:45:42]} {[%emt 00:01:33]} Nxe4 {[%clk
00:09:39]} {[%emt 00:04:28]} 26. fxe4 {[%clk 00:44:17]} {[%emt 00:01:55]} Bg5
{[%clk 00:09:51]} {[%emt 00:00:18]} 27. a3 {[%clk 00:43:59]} {[%emt 00:00:47]}
Qxa3 {[%clk 00:08:34]} {[%emt 00:01:48]} 28. Qe2 {[%clk 00:42:05]} {[%emt
00:02:25]} Qa1+ {[%emt 00:00:32]} 29. Kc2 {[%clk 00:42:26]} {[%emt 00:00:06]}
Rxb2+ {[%clk 00:08:37]} {[%emt 00:00:28]} 0-1

[Event "DVM U20w 2020"]
[Site "Willingen GER"]
[Date "2021.06.24"]
[Round "1"]
[White "Wagner, Victoria"]
[Black "Schmidt, Antonia"]
[Result "0-1"]
[Termination "normal"]
[Board "5.2"]
[WhiteElo "1727"]
[BlackElo "1458"]
[WhiteClock "01:21:40"]
[BlackClock "01:21:19"]
[WhiteTeam "Erfurter Schachklub"]
[BlackTeam "Lübecker SV von 1873"]
[PlyCount "60"]
[WhiteFideId "16232348"]
[BlackFideId "16291280"]
[EventCountry "GER"]
[EventRounds "7"]
[EventType "team-swiss"]
[EventDate "2021.06.23"]

1. e4 {[%clk 01:30:55]} {[%emt 00:00:04]} d6 {[%clk 01:30:59]} {[%emt
00:00:02]} 2. d4 {[%clk 01:31:03]} {[%emt 00:00:22]} Nf6 {[%clk 01:31:24]}
{[%emt 00:00:05]} 3. Nc3 {[%clk 01:31:19]} {[%emt 00:00:14]} g6 {[%clk
01:31:47]} {[%emt 00:00:07]} 4. Be2 {[%clk 01:30:26]} {[%emt 00:01:23]} Bg7
{[%clk 01:32:10]} {[%emt 00:00:07]} 5. Be3 {[%clk 01:30:41]} {[%emt 00:00:16]}
c6 {[%clk 01:30:35]} {[%emt 00:02:05]} 6. h3 {[%emt 00:24:12]} Qc7 7. Nf3 O-O
8. O-O e5 9. dxe5 dxe5 10. Qc1 Nh5 11. Bc4 Kh8 12. Bc5 Re8 13. Ng5 Be6 14. Nxe6
fxe6 {[%clk 01:21:19]} 15. Rd1 {[%clk 01:21:40]} Qf7 {[%clk 01:21:19]} 16. Rd3
{[%clk 01:21:40]} Nd7 {[%clk 01:21:19]} 17. Be3 {[%clk 01:21:40]} Nf4 {[%clk
01:21:19]} 18. Rd1 {[%clk 01:21:40]} b5 {[%clk 01:21:19]} 19. Bf1 {[%clk
01:21:40]} Bf8 {[%clk 01:21:19]} 20. Ne2 {[%clk 01:21:40]} g5 {[%clk 01:21:19]}
21. g3 {[%clk 01:21:40]} Nxe2+ {[%clk 01:21:19]} 22. Bxe2 {[%clk 01:21:40]} h6
{[%clk 01:21:19]} 23. Qd2 {[%clk 01:21:40]} Nf6 {[%clk 01:21:19]} 24. Qc3
{[%clk 01:21:40]} Rac8 {[%clk 01:21:19]} 25. Qxe5 {[%clk 01:21:40]} Bg7 {[%clk
01:21:19]} 26. Bd4 {[%clk 01:21:40]} c5 {[%clk 01:21:19]} 27. Bxb5 {[%clk
01:21:40]} cxd4 {[%clk 01:21:19]} 28. Bxe8 {[%clk 01:21:40]} Nxe8 {[%clk
01:21:19]} 29. Qb5 {[%clk 01:21:40]} Rxc2 {[%clk 01:21:19]} 30. Rac1 {[%clk
01:21:40]} Qxf2+ {[%clk 01:21:19]} 0-1